000 00423nam a22001457a 4500
999 _c14913
_d14913
003 OSt
082 _2664 ANU/DE
088 _aT 388
100 _aANUPAMA B.M
_92138
245 _aDevelopment and performance evaluation of a blancher cum dryer for jackfruit
260 _aTavanur 2017
_bKelappaji College of Agricultural Engineering and Technology
300 _a130
700 _aDr. Sudheer K.P (Guide)
_92147
942 _cTH